000 00465nam a2200181Ia 4500
001 7999
005 20260306160536.0
008 260306t2001||||xx |||||||||||||| ||spa||
041 _aESP
082 _a370
_bM86
100 _aMorales, Alfredo A.
_eAUT
245 0 _aPedagogía Lasallista:
_bAsociados para una propuesta educativa liberadora
260 _c2001
300 _a286 páginas :
_c21 cm.
650 _aGEN
654 _aCED
942 _cLIB
_dJUS
_fJUS
_2ddc
_n
999 _c7999
_d7999